Vývoj dochádzky do zamestnania na Záhorí a sledovanie vzájomných závislostí centier a ich zázemí
Dochádzka do zamestnania tvorí významnú zložku priestorovej aktivity obyvateľstva. Mobilita obyvateľstva na Slovensku má trvale vysokú intenzitu. Sledovanie dochádzky do zamestnania na Záhorí v r. 1970, 1980, 1991. Skúmanie miery závislosti medzi centrami a ich zázemiami. Posilnenie vlastnej ekonomi...
Salvato in:
| Autore principale: | |
|---|---|
| Natura: | Capitolo di libro |
| Lingua: | slovacco |
| Soggetti: | |
| Tags: |
Nessun Tag, puoi essere il primo ad aggiungerne!!
|
MARC
| LEADER | 00000naa a2200000 4500 | ||
|---|---|---|---|
| 001 | r024022 | ||
| 005 | 20221129134108.5 | ||
| 041 | 0 | |a slo | |
| 044 | |a CZ | ||
| 245 | 1 | 0 | |a Vývoj dochádzky do zamestnania na Záhorí a sledovanie vzájomných závislostí centier a ich zázemí |c A. Michálek |
| 520 | |a Dochádzka do zamestnania tvorí významnú zložku priestorovej aktivity obyvateľstva. Mobilita obyvateľstva na Slovensku má trvale vysokú intenzitu. Sledovanie dochádzky do zamestnania na Záhorí v r. 1970, 1980, 1991. Skúmanie miery závislosti medzi centrami a ich zázemiami. Posilnenie vlastnej ekonomickej aktivity obcí a tým vytvorenie možnosti revitalizácie upadajúcich obcí. | ||
| 610 | 2 | 0 | |a dochádzka do práce |
| 610 | 2 | 0 | |a Slovensko |
| 610 | 2 | 0 | |a Záhorie |
| 610 | 2 | 0 | |a regióny |
| 610 | 2 | 0 | |a regióny prímestské |
| 610 | 2 | 0 | |a mestá |
| 610 | 2 | 0 | |a príležitosť pracovná |
| 610 | 2 | 0 | |a obce |
| 610 | 2 | 0 | |a aktivita hospodárska |
| 610 | 2 | 0 | |a 1970 |
| 610 | 2 | 0 | |a 1980 |
| 610 | 2 | 0 | |a 1991 |
| 100 | 1 | |a Michálek, A. | |